000
00319nam a2200109Ia 4500
008
200302s9999 xx 000 0 und d
100
_a
V. V. N. Kishore
245
_a
Renewable Energy Engineering and Technology Principles and Practice
260
_b
The Energy and Resources Institute
260
_c
2010
300
_a
890 P.,
999
_c
2859
_d
2859